Statistics for Los Angeles Lakers 1 round draft picks since 2000

Click here to take the quiz!

General Stats

  • This quiz has been taken 285 times
  • The average score is 3 of 12

Answer Stats

YearPickPlayer% Correct
20162Ingram
86%
20152Russell
80%
20147Randle
60%
200510Bynum
38%
201527Nance jr
23%
200626Farmar
13%
200324Cook
7%
200427Vujacic
7%
200029Madsen
6%
200719Crittenton
4%
200929Douglas
2%
200227Jefferies
2%

Score Distribution

Percentile by Number Answered

Percent of People with Each Score

Your Score History

You have not taken this quiz